XIII Krajowa Konferencja Automatyki. (Rekord nr 39449)
| 000 -ETYKIETA REKORDU | |
|---|---|
| podpole kontrolne o stałej długości | 01085nam a2200301 i 4500 |
| 001 - NUMER KONTROLNY REKORDU | |
| pole kontrolne | bg |
| 020 ## - MIĘDZYNARODOWY ZNORMALIZOWANY NUMER KSIĄŻKI - ISBN | |
| ISBN | 839118241X (2 t.) |
| 040 ## - ŹRÓDŁO KATALOGOWANIA | |
| Instytucja, która utworzyła rekord | BPK |
| 041 0# - KOD JĘZYKA | |
| Kod języka tekstu | pl |
| Kod języka streszczenia lub abstraktu | en |
| 080 ## - UNIWERSALNA KLASYFIKACJA DZIESIĘTNA - UKD | |
| UKD | 681.5:007:004.8](061) |
| 920 ## - Międzynarodowy znormalizowany numer książki – ISBN | |
| ISBN | 83-911824-1-X (2 t.) |
| 008 - POLE O STAŁEJ DŁUGOŚCI - DANE KONTROLNE | |
| podpole kontrolne o stałej długości | s pl f |000 0 pol |
| 111 2# - NAZWA IMPREZY | |
| Nazwa imprezy | Krajowa Konferencja Automatyki |
| Oznaczenie części/sekcji/imprezy | (13 ; |
| Data imprezy | 1999 ; |
| Miejsce imprezy | Opole). |
| 245 05 - TYTUŁ/ODPOWIEDZIALNOŚĆ | |
| Tytuł | XIII Krajowa Konferencja Automatyki. |
| Oznaczenie części/sekcji dzieła | [T. 2] / |
| Pozostałe elementy strefy tytułu i oznaczenia odpowiedzialności | pod red. Zdzisława Bubnickiego, Jerzego Józefczyka. |
| 260 ## - STREFA ADRESU WYDAWNICZEGO | |
| Miejsce wydania | Opole : |
| Nazwa wydawcy/dystrybutora | Politechnika Opolska. Oficyna Wydawnicza, |
| Data publikacji, dystrybucji/powstania dokumentu | 1999. |
| 300 ## - STREFA OPISU FIZYCZNEGO | |
| Objętość | 433 s. : |
| Inne cechy fizyczne | fot., rys., wykr. ; |
| Rozmiary | 29 cm. |
| 500 ## - UWAGI OGÓLNE | |
| Tekst uwagi | Na okł. podtyt.: materiały konferencyjne. - XIII KKA odbyła się w Opolu, 21-24 września 1999 r. |
| 500 ## - UWAGI OGÓLNE | |
| Tekst uwagi | Streszcz. ang. przy ref. |
| 504 ## - UWAGA DOTYCZĄCA BIBLIOGRAFII | |
| Informacje o bibliografii | Bibliogr. przy ref. |
| 650 #9 - HASŁO PRZEDMIOTOWE W FORMIE NAZWY OGÓLNEJ LUB JEDNOSTKOWEJ | |
| Nazwa ogólna lub geograficzna | Automatyka |
| 650 #9 - HASŁO PRZEDMIOTOWE W FORMIE NAZWY OGÓLNEJ LUB JEDNOSTKOWEJ | |
| Nazwa ogólna lub geograficzna | Inteligencja sztuczna |
| 650 #9 - HASŁO PRZEDMIOTOWE W FORMIE NAZWY OGÓLNEJ LUB JEDNOSTKOWEJ | |
| Nazwa ogólna lub geograficzna | Sterowanie |
| Określnik ogólny | automatyzacja |
| 650 #9 - HASŁO PRZEDMIOTOWE W FORMIE NAZWY OGÓLNEJ LUB JEDNOSTKOWEJ | |
| Nazwa ogólna lub geograficzna | Systemy ekspertowe |
| 655 ## - TERMIN INDEKSOWY - OKREŚLENIE RODZAJU/FORMY DOKUMENTU | |
| Określenie rodzaju/formy dokumentu | Materiały konferencyjne |
| 700 1# - HASŁO DODATKOWE - NAZWA OSOBOWA | |
| Nazwa osobowa | Bubnicki, Zdzisław |
| Daty związane z nazwą | (1938-2006). |
| Określenie związku między hasłem a opisywanym materiałem | Red. |
| 700 1# - HASŁO DODATKOWE - NAZWA OSOBOWA | |
| Nazwa osobowa | Józefczyk, Jerzy. |
| Określenie związku między hasłem a opisywanym materiałem | Red. |
| 856 ## - LOKALIZACJA I DOSTĘP DO ELEKTRONICZNYCH DOKUMENTÓW ZDALNYCH | |
| Link (URL) | http://koha.tu.koszalin.pl/cgi-bin/koha/opac-detail.pl?biblionumber=39449 |
| Tekst linku | Katalog online BPK |
| 942 ## - DODATKOWE ELEMENTY (KOHA) | |
| Typ dokumentu | Książka |
| Wycofany | Status egzemplarza | Uszkodzony | Dostępność | Lokalizacja stała | Lokalizacja bieżąca | Miejsce przechowywania | Sygnatura | Kod kreskowy | Typ dokumentu |
|---|---|---|---|---|---|---|---|---|---|
| Dostępny | Biblioteka Politechniki Koszalińskiej | Biblioteka Politechniki Koszalińskiej | Wypożyczalnia BG | 58772 | 01555981 | Książka |
